Propuesta técnica de desarrollo para el aprovechamiento solar en P.H. Belén
Saved in:
| Main Author: | |
|---|---|
| Format: | Book |
| Published: |
[San José, Costa Rica]
2010
|
| Subjects: | |
| Tags: |
Add Tag
No Tags, Be the first to tag this record!
|
MARC
| LEADER | 00000nam a2200000Ia 4500 | ||
|---|---|---|---|
| 003 | 010523 | ||
| 005 | 20240405134823.0 | ||
| 008 | 140114s2010 cr ab 000 ||sp d | ||
| 040 | |c cru CEDI | ||
| 090 | |a TFG 6138 | ||
| 100 | |a Alvarado Sanabria, Natalia, 1981- |9 2911 | ||
| 245 | |a Propuesta técnica de desarrollo para el aprovechamiento solar en P.H. Belén | ||
| 260 | |a [San José, Costa Rica] |c 2010 | ||
| 500 | |a Proyecto de graduación (licenciatura en ingeniería mecánica) --Universidad de Costa Rica. Facultad de Ingeniería. Escuela de Ingeniería Mecánica | ||
| 501 | |a Director de Proyecto de Graduación: MBA. Enrique Gómez A | ||
| 650 | |x ENERGIA SOLAR- PROYECTOS |x RECURSOS ENERGETICOS RENOVABLES |x CONSERVACION DE LA ENERGIA |x SISTEMAS DE ENERGIA FOTOVOLTAICA |9 3134 | ||
| 942 | |c TFG |h TFG 6138 |i 010523 |6 TFG_6138_010523000000000 | ||
| 999 | |c 16077 |d 16077 | ||
